IDIMT-2025: ICT in Business: AI Everywhere? Glory and Disgrace of AI 33rd Interdisciplinary Information Management Talks

Na minha lista:
Detalhes bibliográficos
Autor Corporativo: IDIMT-2025: ICT in Business: AI Everywhere? Glory and Disgrace of AI. Interdisciplinary Information Management Talks
Formato: Livro
Idioma:inglês
Publicado em: Linz TRAUNER Verlag + Buchservice 2025
Edição:1st Edition
Assuntos:
Tags: Adicionar Tag
Sem tags, seja o primeiro a adicionar uma tag!

MARC

LEADER 00000nlm a2200000 4500
001 0312135
005 20251215073532.2
020 |a 978-3-99151-856-3 
041 0 |a eng 
044 |a AT 
245 1 0 |a IDIMT-2025: ICT in Business: AI Everywhere? Glory and Disgrace of AI  |b 33rd Interdisciplinary Information Management Talks 
250 |a 1st Edition 
264 1 |a Linz  |b TRAUNER Verlag + Buchservice  |c 2025 
300 |a 431 s. 
610 2 0 |a technológie informačné 
610 2 0 |a technológie komunikačné 
610 2 0 |a technológie nové 
610 2 0 |a manažment informačný 
610 2 0 |a podnikanie 
610 2 0 |a procesy podnikové 
610 2 0 |a inteligencia umelá 
110 2 |a IDIMT-2025: ICT in Business: AI Everywhere? Glory and Disgrace of AI. Interdisciplinary Information Management Talks